Państwa Europy bez dostępu do morza - Statystyki

Ogólne statystyki
  • Ten quiz został rozwiązany 14 razy
  • Średni wynik to 11 z 16
Statystyki odpowiedzi
Odpowiedź % Poprawnych
Andora
100%
Austria
92%
Białoruś
83%
Czechy
83%
Kosowo
83%
Liechtenstein
83%
Bośnia
67%
Macedonia
67%
San Marino
67%
Serbia
67%
Słowacja
67%
Watykan
67%
Mołdawia
58%
Szwajcaria
58%
Węgry
50%
Luksemburg
42%
Nie znaleziono quizów pasujących do podanych kryteriów
Rozkład punktacji
Procent ludzi z każdym wynikiem
Percentyl według liczby udzielonych odpowiedzi
Twoja historia wyników
Nie rozwiązałeś tego quizu